[Event "Belleuve Chess 2012"]
[Site "Alcudia ESP"]
[Date "2012.10.20"]
[Round "8.28"]
[White "Alfven, Jorgen"]
[Black "Trillo-Figueroa Vidal, Antonio"]
[Result "1-0"]
[WhiteElo "1846"]
[BlackElo "1809"]
[PlyCount "67"]
[EventDate "2012.10.14"]
[EventType "swiss"]
[EventRounds "9"]
[EventCountry "ESP"]
[Source "lmi"]
[SourceDate "2012.10.14"]

1. d4 Nf6 2. c4 e5 3. dxe5 Ng4 4. e4 Nxe5 5. f4 Ng6 6. Be3 Bb4+ 7. Nc3 Nc6 8.
Nf3 d6 9. Bd3 Bxc3+ 10. bxc3 O-O 11. O-O Qe7 12. Qd2 f5 13. exf5 Bxf5 14. Bxf5
Rxf5 15. Rae1 Qd8 16. Ng5 Nge7 17. g4 Rf6 18. Qd3 g6 19. Qe4 Qd7 20. Qg2 h6 21.
Ne4 Rf7 22. g5 Qf5 23. Nf6+ Kf8 24. Ng4 Ng8 25. Bd4 h5 26. Ne3 Qd7 27. Qe4 Nce7
28. Qxb7 Rd8 29. c5 d5 30. Be5 Rc8 31. Rd1 Qh3 32. Nxd5 Nxd5 33. Qxd5 Ne7 34.
Qd8+ 1-0

[Event "Belleuve Chess 2012"]
[Site "Alcudia ESP"]
[Date "2012.10.20"]
[Round "8.29"]
[White "Sierra Bermejo, Gregorio"]
[Black "Hidalgo Maireles, Juan Carlos"]
[Result "0-1"]
[WhiteElo "1647"]
[BlackElo "1811"]
[PlyCount "84"]
[EventDate "2012.10.14"]
[EventType "swiss"]
[EventRounds "9"]
[EventCountry "ESP"]
[Source "lmi"]
[SourceDate "2012.10.14"]

1. e4 e6 2. d4 d5 3. Nd2 dxe4 4. Nxe4 Nd7 5. Nf3 Ngf6 6. Nxf6+ Nxf6 7. Bd3 Be7
8. O-O O-O 9. c3 b6 10. Qc2 Bb7 11. Bg5 h6 12. Bxf6 Bxf6 13. Be4 Bd5 14. Rfe1
c6 15. Rad1 Qc7 16. Bxd5 cxd5 17. Ne5 b5 18. a3 a5 19. Qd2 Rfc8 20. Re2 Rab8
21. g3 Bxe5 22. Rxe5 Qd6 23. Qe2 b4 24. cxb4 axb4 25. axb4 Qxb4 26. Rd2 Rc1+
27. Kg2 Rb1 28. Re3 Rxb2 29. Rxb2 Qxb2 30. Qg4 Qb6 31. Qf4 Rc8 32. Rf3 Qa7 33.
g4 Rc4 34. Rd3 Qc7 35. Qe3 Qd6 36. Kh3 f6 37. f4 Kf7 38. Qf3 Qb6 39. Qf2 Qb1
40. Rd2 Qe4 41. Kg3 Rc3+ 42. Kh4 g5+ 0-1

[Event "Belleuve Chess 2012"]
[Site "Alcudia ESP"]
[Date "2012.10.20"]
[Round "8.31"]
[White "Ramis Sebastia, Jordi Salvador"]
[Black "Rodriguez Bennassar, Miquel"]
[Result "1-0"]
[WhiteElo "1675"]
[BlackElo "1457"]
[PlyCount "91"]
[EventDate "2012.10.14"]
[EventType "swiss"]
[EventRounds "9"]
[EventCountry "ESP"]
[Source "lmi"]
[SourceDate "2012.10.14"]

1. d4 d5 2. c4 Nf6 3. Nc3 g6 4. Nf3 Bg7 5. Bg5 dxc4 6. e4 Bg4 7. Bxc4 O-O 8.
O-O a6 9. Be3 b5 10. Bd3 c6 11. h3 Be6 12. Ng5 Bc4 13. Bxc4 bxc4 14. Qe2 h6 15.
Nf3 Qc8 16. Qxc4 Nbd7 17. e5 Nb6 18. Qe2 Nfd7 19. b3 Nd5 20. Nxd5 cxd5 21. Rac1
Qb7 22. Qd2 Kh7 23. Nh2 h5 24. f4 e6 25. Nf3 Rh8 26. g4 hxg4 27. hxg4 Kg8 28.
Kg2 f6 29. Rh1 Kf7 30. Rh4 Rxh4 31. Nxh4 Rh8 32. Nf3 Rc8 33. Kg3 Rc6 34. Nh4
Rxc1 35. Qxc1 Nf8 36. Qc3 Bh6 37. exf6 Nh7 38. g5 Bf8 39. Qc2 Bb4 40. Qxg6+ Kf8
41. Qh6+ Ke8 42. Nf3 Nf8 43. Ne5 Be1+ 44. Bf2 Bxf2+ 45. Kxf2 Qb4 46. f7+ 1-0

[Event "Belleuve Chess 2012"]
[Site "Alcudia ESP"]
[Date "2012.10.20"]
[Round "8.33"]
[White "Mateu Mir, Gabriel"]
[Black "Forcadell Escouffier, Albert"]
[Result "0-1"]
[WhiteElo "1575"]
[BlackElo "1554"]
[PlyCount "70"]
[EventDate "2012.10.14"]
[EventType "swiss"]
[EventRounds "9"]
[EventCountry "ESP"]
[Source "lmi"]
[SourceDate "2012.10.14"]

1. d4 d5 2. c4 dxc4 3. e3 Nf6 4. Bxc4 e6 5. Nc3 Bb4 6. a3 Ba5 7. b4 Bb6 8. Na4
Bd7 9. Nxb6 axb6 10. Nf3 Nc6 11. Bb2 Ne7 12. Rc1 O-O 13. O-O Bc6 14. Ba2 Ned5
15. Bb1 b5 16. Qd3 Nb6 17. Ng5 g6 18. e4 Nc4 19. Qc3 Nxb2 20. Qxb2 h6 21. e5
Nh5 22. Nh3 Qh4 23. Rc3 Qxd4 24. Qc1 Kg7 25. Re1 Qg4 26. f3 Qd4+ 27. Kh1 Rfd8
28. Rd3 Qh4 29. Red1 Rxd3 30. Rxd3 Rd8 31. Rxd8 Qxd8 32. Ng1 Qh4 33. Nh3 Qd4
34. Qe1 Bd5 35. Ng1 Nf4 0-1

[Event "Belleuve Chess 2012"]
[Site "Alcudia ESP"]
[Date "2012.10.21"]
[Round "9.1"]
[White "Melderis, Uldis"]
[Black "Ponce Cano, Adrian"]
[Result "0-1"]
[WhiteElo "1958"]
[BlackElo "1958"]
[PlyCount "94"]
[EventDate "2012.10.14"]
[EventType "swiss"]
[EventRounds "9"]
[EventCountry "ESP"]
[Source "lmi"]
[SourceDate "2012.10.14"]

1. b4 e5 2. Bb2 d6 3. e3 Nd7 4. Nf3 g6 5. d3 Bg7 6. Be2 Ngf6 7. O-O O-O 8. Nbd2
Re8 9. c4 h5 10. Qc2 Nf8 11. c5 Bf5 12. Rac1 Bd7 13. a4 Nd5 14. b5 a6 15. d4 e4
16. Nxe4 Bf5 17. Nfd2 dxc5 18. Qxc5 Rxe4 19. Nxe4 Bxe4 20. Rfe1 Ne6 21. Qc4 Qg5
22. Bf1 Bf8 23. Ra1 Bb4 24. Re2 Bd6 25. Qc1 Re8 26. Ba3 Bxg2 27. f4 Ndxf4 28.
Rxg2 Nxg2 29. Bxg2 Bxa3 30. Qxa3 axb5 31. a5 Nd8 32. Re1 Nc6 33. Qc3 b4 34. Qa1
Qxa5 35. Bxc6 Qxa1 36. Rxa1 bxc6 37. Kf2 Rb8 38. Ke2 b3 39. Kd3 Kg7 40. Kc3 b2
41. Rb1 Kf6 42. e4 g5 43. Kc2 Ke6 44. Kd3 g4 45. Ke3 f6 46. Kf4 Rb3 47. e5 Rf3+
0-1

[Event "Belleuve Chess 2012"]
[Site "Alcudia ESP"]
[Date "2012.10.21"]
[Round "9.2"]
[White "Moueden, Mohamed Amine"]
[Black "Asensio Ramos, Enrique Fernando"]
[Result "0-1"]
[WhiteElo "1997"]
[BlackElo "1858"]
[PlyCount "52"]
[EventDate "2012.10.14"]
[EventType "swiss"]
[EventRounds "9"]
[EventCountry "ESP"]
[Source "lmi"]
[SourceDate "2012.10.14"]

1. e4 Nf6 2. Nc3 d5 3. exd5 Nxd5 4. Bc4 Nb6 5. Bb3 Bf5 6. Qf3 Qc8 7. Nge2 e6 8.
g4 Bg6 9. h4 h5 10. g5 Nc6 11. Qe3 Qd7 12. Nf4 Bf5 13. g6 O-O-O 14. gxf7 Nd4
15. d3 Bc5 16. Qg3 Qc6 17. Qg2 Nf3+ 18. Kd1 Bg4 19. Nfe2 e5 20. Bd2 Bb4 21. Bg5
e4 22. Bxd8 exd3 23. cxd3 Rxd8 24. Kc1 Rxd3 25. Rd1 Qh6+ 26. Kc2 Rd2+ 0-1

[Event "Belleuve Chess 2012"]
[Site "Alcudia ESP"]
[Date "2012.10.21"]
[Round "9.3"]
[White "Stefanov, Evtim"]
[Black "Botelho Luis, Miguel Rodrig"]
[Result "0-1"]
[WhiteElo "1963"]
[BlackElo "1972"]
[PlyCount "96"]
[EventDate "2012.10.14"]
[EventType "swiss"]
[EventRounds "9"]
[EventCountry "ESP"]
[Source "lmi"]
[SourceDate "2012.10.14"]

1. e4 c5 2. Nc3 g6 3. g3 Bg7 4. Bg2 Nc6 5. d3 d6 6. f4 e5 7. Nh3 Nge7 8. O-O
Nd4 9. g4 h5 10. f5 hxg4 11. Qxg4 f6 12. Nd5 g5 13. Nxg5 Nxd5 14. Ne6 Nxe6 15.
fxe6 Bxe6 16. Qxe6+ Ne7 17. Bh3 Qc8 18. Rf3 Qxe6 19. Bxe6 Nc6 20. c3 Ke7 21.
Bd5 Rh7 22. h3 Rah8 23. Kh2 Nd8 24. Be3 Bh6 25. Bxh6 Rxh6 26. Rg1 Ne6 27. Bxe6
Kxe6 28. Rg7 R8h7 29. Rxh7 Rxh7 30. Rg3 d5 31. Rg2 Rf7 32. Kg3 c4 33. exd5+
Kxd5 34. d4 exd4 35. cxd4 Kxd4 36. Kf4 Rh7 37. Rd2+ Kc5 38. Kg3 b5 39. Rf2 Rg7+
40. Kf4 b4 41. Ke4 Re7+ 42. Kf5 c3 43. Kxf6 Re3 44. h4 Rd3 45. bxc3 bxc3 46.
Ke5 Rd2 47. Rf3 Re2+ 48. Kf5 Kd4 0-1

[Event "Belleuve Chess 2012"]
[Site "Alcudia ESP"]
[Date "2012.10.21"]
[Round "9.5"]
[White "Llamazares Lopez, Carlos"]
[Black "Gonzalez Pabollet, Jesus Ma"]
[Result "1/2-1/2"]
[WhiteElo "1694"]
[BlackElo "1962"]
[PlyCount "50"]
[EventDate "2012.10.14"]
[EventType "swiss"]
[EventRounds "9"]
[EventCountry "ESP"]
[Source "lmi"]
[SourceDate "2012.10.14"]

1. e4 c5 2. Nf3 e6 3. d4 cxd4 4. Nxd4 a6 5. c4 Nc6 6. Nxc6 bxc6 7. Bd3 Bc5 8.
O-O Ne7 9. Nc3 Ng6 10. Na4 Bd4 11. c5 Rb8 12. Bc4 Qf6 13. Kh1 Rb4 14. Bb3 O-O
15. Bd2 Rb5 16. f4 Qe7 17. a3 Re8 18. Rb1 Bxc5 19. Nxc5 Qxc5 20. Rc1 Qa7 21.
Bc3 d5 22. f5 exf5 23. exf5 Nf8 24. Ba4 Rc5 25. b4 Rc4 1/2-1/2

[Event "Belleuve Chess 2012"]
[Site "Alcudia ESP"]
[Date "2012.10.21"]
[Round "9.6"]
[White "Suuronen, Petri"]
[Black "Castrillon Otero, Javier"]
[Result "0-1"]
[WhiteElo "1894"]
[BlackElo "1897"]
[PlyCount "93"]
[EventDate "2012.10.14"]
[EventType "swiss"]
[EventRounds "9"]
[EventCountry "ESP"]
[Source "lmi"]
[SourceDate "2012.10.14"]

1. Nf3 d5 2. g3 Nf6 3. Bg2 Bf5 4. O-O e6 5. d3 Be7 6. Nbd2 O-O 7. Nh4 Bg4 8. h3
Bh5 9. Qe1 Ne8 10. Nhf3 f5 11. Ne5 Nd7 12. Ndf3 Nef6 13. b3 Bd6 14. Bb2 Qe7 15.
a3 Rae8 16. Qd2 c6 17. Rfe1 Bxf3 18. exf3 Nxe5 19. Bxe5 Bxa3 20. c3 Bc5 21. b4
Bb6 22. d4 a6 23. Qc2 Bc7 24. Bxc7 Qxc7 25. f4 Re7 26. f3 Nd7 27. Bf1 g5 28.
Qd2 gxf4 29. gxf4 Rf6 30. Bd3 Nf8 31. Kh2 Ng6 32. Rg1 Kf7 33. Kg3 Nxf4 34. Bf1
Ne2+ 35. Kf2 Nxg1 36. Kxg1 Qg3+ 37. Bg2 Rg6 38. Kh1 Re8 39. Ra2 Reg8 40. Qe2
Qxg2+ 41. Qxg2 Rxg2 42. Rxg2 Rxg2 43. Kxg2 Kg6 44. Kg3 b6 45. Kf4 a5 46. bxa5
bxa5 47. Ke3 0-1

[Event "Belleuve Chess 2012"]
[Site "Alcudia ESP"]
[Date "2012.10.21"]
[Round "9.7"]
[White "Lielmezs, Girts"]
[Black "Garcia Sanz, Eduardo"]
[Result "1/2-1/2"]
[WhiteElo "1910"]
[BlackElo "1999"]
[PlyCount "100"]
[EventDate "2012.10.14"]
[EventType "swiss"]
[EventRounds "9"]
[EventCountry "ESP"]
[Source "lmi"]
[SourceDate "2012.10.14"]

1. c4 e6 2. Nc3 d5 3. cxd5 exd5 4. d4 Nf6 5. Bg5 Be7 6. Nf3 O-O 7. e3 c6 8. h3
Ne4 9. Bxe7 Qxe7 10. Qc2 Nd7 11. Bd3 Ndf6 12. O-O Re8 13. Na4 Bd7 14. Nc5 Nxc5
15. Qxc5 Qxc5 16. dxc5 a5 17. Nd2 Re5 18. a3 a4 19. Rfd1 Kf8 20. Rab1 Bc8 21.
Nf3 Re8 22. Nd4 g6 23. Ne2 Nd7 24. Rbc1 Ra5 25. Bc2 Nxc5 26. Rd4 Bd7 27. Nc3 b5
28. Na2 Ne6 29. Rd2 Ng5 30. Nb4 Raa8 31. Bb1 Rac8 32. Rdc2 Bf5 33. Nxd5 Re5 34.
Nb6 Bxc2 35. Nxc8 Bxb1 36. Rxb1 Re8 37. Nd6 Rd8 38. h4 Rxd6 39. hxg5 c5 40. Kf1
b4 41. axb4 cxb4 42. Ke2 Rd5 43. f4 Ra5 44. Kd3 a3 45. Kc4 axb2 46. Kxb4 Ra1
47. Rxb2 Re1 48. Rb3 Rg1 49. Kc4 Rxg2 50. Kd4 Rh2 1/2-1/2

[Event "Belleuve Chess 2012"]
[Site "Alcudia ESP"]
[Date "2012.10.21"]
[Round "9.8"]
[White "Fiol Company, Juan"]
[Black "Hernandez Delgado, Gabriel"]
[Result "0-1"]
[WhiteElo "1934"]
[BlackElo "1987"]
[PlyCount "68"]
[EventDate "2012.10.14"]
[EventType "swiss"]
[EventRounds "9"]
[EventCountry "ESP"]
[Source "lmi"]
[SourceDate "2012.10.14"]

1. e4 d5 2. exd5 Nf6 3. d4 Nxd5 4. c4 Nb6 5. Nc3 Bf5 6. Qf3 Bc8 7. c5 N6d7 8.
Bc4 e6 9. Bf4 Nc6 10. O-O-O a6 11. Qg3 Qf6 12. Nf3 b5 13. Bg5 Qg6 14. Bd3 Qh5
15. Qxc7 Be7 16. Bf4 Nb4 17. Qa5 Nxd3+ 18. Rxd3 Qf5 19. Nxb5 Qxf4+ 20. Kc2 O-O
21. Nc3 Bb7 22. Qa4 Nb8 23. Re1 Bf6 24. Qc4 a5 25. Ne2 Qf5 26. Ng3 Qg6 27. Qa4
Ba6 28. Ree3 Rd8 29. h4 h5 30. Kd2 Bxd3 31. Rxd3 Nd7 32. Qc4 Rab8 33. c6 Rbc8
34. Ke2 Nb8 0-1

[Event "Belleuve Chess 2012"]
[Site "Alcudia ESP"]
[Date "2012.10.21"]
[Round "9.9"]
[White "Kopischke, Maik"]
[Black "Achtmann, Armin"]
[Result "0-1"]
[WhiteElo "1867"]
[BlackElo "1978"]
[PlyCount "46"]
[EventDate "2012.10.14"]
[EventType "swiss"]
[EventRounds "9"]
[EventCountry "ESP"]
[Source "lmi"]
[SourceDate "2012.10.14"]

1. d4 f5 2. g3 Nf6 3. Bg2 c6 4. c4 d5 5. b3 e6 6. Nf3 Bd6 7. O-O O-O 8. Ba3
Bxa3 9. Nxa3 Nbd7 10. Nb1 Qe8 11. Nbd2 Qh5 12. Re1 Ne4 13. cxd5 exd5 14. Qc1
Ndf6 15. Nf1 Ng4 16. Qf4 g5 17. Qc7 Ngxf2 18. Ne5 f4 19. Rac1 Nh3+ 20. Bxh3
Qxh3 21. Rxc6 bxc6 22. Qxc6 Be6 23. g4 Rae8 0-1

[Event "Belleuve Chess 2012"]
[Site "Alcudia ESP"]
[Date "2012.10.21"]
[Round "9.10"]
[White "Valarezzo Ricard, Pedro"]
[Black "Rautanen, Sari"]
[Result "1/2-1/2"]
[WhiteElo "1888"]
[BlackElo "1955"]
[PlyCount "80"]
[EventDate "2012.10.14"]
[EventType "swiss"]
[EventRounds "9"]
[EventCountry "ESP"]
[Source "lmi"]
[SourceDate "2012.10.14"]

1. d4 d6 2. Nf3 Nd7 3. Bf4 g6 4. Nc3 Bg7 5. Qd2 c6 6. e4 e5 7. Bg5 Qc7 8. Bc4
b5 9. Bb3 a6 10. a3 Bb7 11. O-O Ngf6 12. Rfe1 h6 13. Bh4 O-O 14. h3 Rfe8 15. d5
c5 16. Rac1 Nh5 17. g4 Nf4 18. Kh2 g5 19. Bg3 Nf8 20. Nd1 N8g6 21. Ne3 Bc8 22.
Nf5 Bxf5 23. gxf5 Nf8 24. Rg1 Nh7 25. c3 Kh8 26. Bxf4 gxf4 27. Rg2 Bf6 28. Rcg1
Rg8 29. Rxg8+ Rxg8 30. Rxg8+ Kxg8 31. Qd1 Qd8 32. Qg1+ Kh8 33. Qg4 Qg8 34.
Qxg8+ Kxg8 35. c4 Bd8 36. a4 bxa4 37. Bxa4 Nf6 38. Bc2 Ba5 39. b3 Kg7 40. Kg2
Bb4 1/2-1/2

[Event "Belleuve Chess 2012"]
[Site "Alcudia ESP"]
[Date "2012.10.21"]
[Round "9.11"]
[White "Sanabria Macias, Anselmo"]
[Black "Pelegri Castello, Elias"]
[Result "1-0"]
[WhiteElo "1935"]
[BlackElo "1837"]
[PlyCount "44"]
[EventDate "2012.10.14"]
[EventType "swiss"]
[EventRounds "9"]
[EventCountry "ESP"]
[Source "lmi"]
[SourceDate "2012.10.14"]

1. e4 e6 2. d4 d5 3. Nd2 dxe4 4. Nxe4 Nf6 5. Nxf6+ Qxf6 6. Nf3 h6 7. Bd3 Bd6 8.
O-O O-O 9. Qe2 Nd7 10. Qe4 Re8 11. Re1 Rb8 12. Ne5 c5 13. c3 cxd4 14. cxd4 Nb6
15. Re3 Qf5 16. Qh4 Qg5 17. Qh3 Bxe5 18. dxe5 Nd5 19. Re4 Qf5 20. g4 Qg6 21.
Rd4 f5 22. Kh1 Qxg4 1-0

[Event "Belleuve Chess 2012"]
[Site "Alcudia ESP"]
[Date "2012.10.21"]
[Round "9.12"]
[White "Adeyemi, Adedeji"]
[Black "Naranjo Moreno, Jose Javier"]
[Result "1-0"]
[WhiteElo "1997"]
[BlackElo "1894"]
[PlyCount "77"]
[EventDate "2012.10.14"]
[EventType "swiss"]
[EventRounds "9"]
[EventCountry "ESP"]
[Source "lmi"]
[SourceDate "2012.10.14"]

1. Nf3 Nf6 2. g3 d5 3. Bg2 e6 4. O-O Bd6 5. d4 Nbd7 6. c4 c6 7. Nc3 O-O 8. Qc2
Re8 9. e4 dxe4 10. Nxe4 Nxe4 11. Qxe4 Nf6 12. Qc2 Qc7 13. Bg5 Nd7 14. c5 Be7
15. Bf4 Qa5 16. a3 Nf6 17. b4 Qd8 18. Rad1 Nd5 19. Bc1 Bf6 20. Ne5 Bd7 21. Be4
g6 22. h4 Bg7 23. h5 Rf8 24. Kg2 Bxe5 25. dxe5 f5 26. exf6 Qxf6 27. hxg6 hxg6
28. Bb2 e5 29. Rxd5 cxd5 30. Bxd5+ Kg7 31. f4 Rae8 32. Re1 Qa6 33. Rxe5 Rxe5
34. Bxe5+ Kh6 35. Qd1 Rf5 36. g4 Rxe5 37. fxe5 Qxa3 38. Qd2+ Kg7 39. e6 1-0

[Event "Belleuve Chess 2012"]
[Site "Alcudia ESP"]
[Date "2012.10.21"]
[Round "9.13"]
[White "Gomez Olivares, Alejandro"]
[Black "Rodriguez Sanchez, Rafael"]
[Result "0-1"]
[WhiteElo "1993"]
[BlackElo "1809"]
[PlyCount "64"]
[EventDate "2012.10.14"]
[EventType "swiss"]
[EventRounds "9"]
[EventCountry "ESP"]
[Source "lmi"]
[SourceDate "2012.10.14"]

1. d4 Nf6 2. c4 g6 3. Nc3 Bg7 4. e4 d6 5. f3 O-O 6. Bg5 c6 7. Qd2 e5 8. d5 c5
9. Bd3 Qe7 10. Nge2 Na6 11. g4 Nc7 12. h4 Bd7 13. Ng3 Rfb8 14. a4 a5 15. O-O-O
b6 16. b3 Na6 17. Rh2 Kf8 18. Rdh1 Ke8 19. h5 Kd8 20. hxg6 hxg6 21. Rh7 Qf8 22.
Nd1 Kc7 23. R7h4 Qe7 24. Ne3 Rh8 25. Rxh8 Rxh8 26. Rxh8 Bxh8 27. Qh2 Qf8 28.
Qh4 Ne8 29. Nd1 Bg7 30. Bd8+ Kb7 31. Bxb6 g5 32. Qxg5 Bh6 0-1

[Event "Belleuve Chess 2012"]
[Site "Alcudia ESP"]
[Date "2012.10.21"]
[Round "9.14"]
[White "Delgadillo Torrico, Felipe"]
[Black "Diez Jover, Alberto"]
[Result "0-1"]
[WhiteElo "1981"]
[BlackElo "1891"]
[PlyCount "70"]
[EventDate "2012.10.14"]
[EventType "swiss"]
[EventRounds "9"]
[EventCountry "ESP"]
[Source "lmi"]
[SourceDate "2012.10.14"]

1. c4 c5 2. Nc3 b6 3. e4 d6 4. Nf3 Nd7 5. d4 cxd4 6. Nxd4 Bb7 7. Be2 Ngf6 8. f3
a6 9. Be3 e6 10. O-O Be7 11. Qd2 O-O 12. Rfd1 Qc7 13. Rac1 Rfe8 14. Qe1 Rac8
15. Bd3 Ne5 16. b3 Qb8 17. Bb1 d5 18. cxd5 Ba3 19. Rc2 exd5 20. exd5 Neg4 21.
fxg4 Nxg4 22. Qh4 Nxe3 23. Re2 g6 24. Rd3 Nxd5 25. Rxe8+ Rxe8 26. Ne4 Qe5 27.
Rd1 f5 28. Ng5 Nf6 29. Ndf3 Bc5+ 30. Kh1 Qb2 31. Qc4+ Bd5 32. Qxa6 Ng4 33. Nh3
Bxf3 34. Qc4+ Kh8 35. Qc3+ Qxc3 0-1

[Event "Belleuve Chess 2012"]
[Site "Alcudia ESP"]
[Date "2012.10.21"]
[Round "9.15"]
[White "Gutierrez Abarrategui, Luis"]
[Black "Garcia Verd, Francisco"]
[Result "1-0"]
[WhiteElo "1861"]
[BlackElo "1954"]
[Annotator "Crespi"]
[PlyCount "73"]
[EventDate "2012.10.14"]
[EventType "swiss"]
[EventRounds "9"]
[EventCountry "ESP"]
[Source "lmi"]
[SourceDate "2012.10.14"]

1. f4 Nc6 2. Nf3 d6 3. d4 Bf5 4. c3 e6 5. Nbd2 h6 6. e4 Bh7 7. Bb5 a6 8. Ba4 b5
9. Bb3 Na5 10. Bc2 d5 11. e5 Ne7 12. Bxh7 Rxh7 13. b3 Nf5 14. Qe2 Be7 15. O-O
Qd7 16. Qd3 g6 17. Kh1 Nb7 18. a4 c6 19. Ba3 Kf8 20. Ra2 Nd8 21. Rfa1 Qc8 22.
g4 Ng7 23. axb5 Bxa3 24. Rxa3 cxb5 25. b4 Ne8 26. Nb3 Nc7 27. Nc5 h5 28. g5 Kg7
29. Kg2 Nb7 30. Nd2 Nxc5 31. dxc5 Rh8 32. Qd4 Rg8 33. h3 Rh8 34. Kf2 Rg8 35.
Nb3 Rh8 36. c6 Rb8 37. Nc5 $138 1-0

[Event "Belleuve Chess 2012"]
[Site "Alcudia ESP"]
[Date "2012.10.21"]
[Round "9.16"]
[White "Wallace, Mitchel"]
[Black "Westerweele, Henrik"]
[Result "1/2-1/2"]
[WhiteElo "1833"]
[BlackElo "1942"]
[PlyCount "73"]
[EventDate "2012.10.14"]
[EventType "swiss"]
[EventRounds "9"]
[EventCountry "ESP"]
[Source "lmi"]
[SourceDate "2012.10.14"]

1. Nc3 e6 2. e4 d5 3. Nf3 d4 4. Ne2 c5 5. Ng3 Nc6 6. a4 e5 7. Bc4 Be7 8. d3 Qd6
9. c3 Be6 10. Bxe6 Qxe6 11. O-O g6 12. Ng5 Bxg5 13. Bxg5 f6 14. Bd2 O-O-O 15.
Qc2 Kb8 16. f4 Nge7 17. fxe5 fxe5 18. Bg5 h6 19. Bf6 Rh7 20. Rf3 Rf7 21. Raf1
Rdf8 22. Bxe7 Qxe7 23. Qd2 Rxf3 24. gxf3 h5 25. f4 h4 26. Ne2 Qe6 27. Rf2 a6
28. cxd4 Nxd4 29. Rg2 exf4 30. Nxf4 Qa2 31. Rf2 g5 32. Nd5 Rxf2 33. Qxf2 Qb1+
34. Kg2 h3+ 35. Kxh3 Qxd3+ 36. Qe3 Qxe3+ 37. Nxe3 1/2-1/2

[Event "Belleuve Chess 2012"]
[Site "Alcudia ESP"]
[Date "2012.10.21"]
[Round "9.17"]
[White "Gimenez Garcia, Emilio"]
[Black "Sanchez Rodriguez, Francisc"]
[Result "1-0"]
[WhiteElo "1806"]
[BlackElo "1933"]
[PlyCount "53"]
[EventDate "2012.10.14"]
[EventType "swiss"]
[EventRounds "9"]
[EventCountry "ESP"]
[Source "lmi"]
[SourceDate "2012.10.14"]

1. d4 Nf6 2. Bf4 c5 3. e3 g6 4. Nf3 Bg7 5. Nbd2 Nc6 6. c3 cxd4 7. exd4 d6 8.
Bd3 e5 9. Be3 Bg4 10. h3 Bxf3 11. gxf3 exd4 12. cxd4 O-O 13. Qa4 Re8 14. O-O-O
Nd5 15. Be4 Ncb4 16. Bxd5 Nxd5 17. Qb3 Qa5 18. Kb1 Nb4 19. a3 Qf5+ 20. Ne4 Qxf3
21. Nxd6 Nd5 22. Nxe8 Rxe8 23. Rhe1 b5 24. Qxb5 Re6 25. Qb8+ Bf8 26. Bh6 Qf5+
27. Ka1 1-0

[Event "Belleuve Chess 2012"]
[Site "Alcudia ESP"]
[Date "2012.10.21"]
[Round "9.18"]
[White "Figuerola Campins, Antonio"]
[Black "Martinez Rubio, Felipe"]
[Result "1-0"]
[WhiteElo "1919"]
[BlackElo "1815"]
[PlyCount "57"]
[EventDate "2012.10.14"]
[EventType "swiss"]
[EventRounds "9"]
[EventCountry "ESP"]
[Source "lmi"]
[SourceDate "2012.10.14"]

1. e4 c5 2. Nc3 e6 3. Nge2 Nc6 4. d4 cxd4 5. Nxd4 Nf6 6. Bf4 Bb4 7. Ndb5 e5 8.
Bd2 a6 9. a3 axb5 10. axb4 Rxa1 11. Qxa1 Nxb4 12. Qd1 Qc7 13. Bxb5 Qc5 14. Be3
Qc7 15. O-O O-O 16. Bg5 Ne8 17. Be7 d6 18. Bxf8 Kxf8 19. Bxe8 Kxe8 20. Nd5 Nxd5
21. Qxd5 Be6 22. Qb5+ Bd7 23. Qb4 Qxc2 24. Qxb7 Bc6 25. Qc8+ Ke7 26. f3 Bxe4
27. Qxc2 Bxc2 28. Rc1 Ba4 29. Kf2 1-0

[Event "Belleuve Chess 2012"]
[Site "Alcudia ESP"]
[Date "2012.10.21"]
[Round "9.19"]
[White "Castello Castello, Juan Jose"]
[Black "Strand, Oyvin"]
[Result "0-1"]
[WhiteElo "1735"]
[BlackElo "1899"]
[PlyCount "64"]
[EventDate "2012.10.14"]
[EventType "swiss"]
[EventRounds "9"]
[EventCountry "ESP"]
[Source "lmi"]
[SourceDate "2012.10.14"]

1. Nf3 g6 2. c4 Bg7 3. g3 c5 4. Bg2 Nc6 5. O-O d6 6. Nc3 e5 7. d3 Nge7 8. Bg5
O-O 9. Qc1 a6 10. Bh6 Rb8 11. Bxg7 Kxg7 12. b3 b5 13. Ne4 f5 14. Ned2 h6 15.
Ne1 Nd4 16. Qd1 d5 17. Nef3 e4 18. Nxd4 cxd4 19. c5 Nc6 20. a3 a5 21. Qc2 Be6
22. Qb2 Qf6 23. b4 a4 24. Rad1 g5 25. Nb1 h5 26. e3 Rbd8 27. Nd2 f4 28. dxe4 f3
29. Bh1 dxe4 30. exd4 Nxd4 31. Rfe1 Ne2+ 32. Kf1 Qxb2 0-1

[Event "Belleuve Chess 2012"]
[Site "Alcudia ESP"]
[Date "2012.10.21"]
[Round "9.20"]
[White "Carranza Pons, Ricardo Nelson"]
[Black "Perez Gandesa, Jose Antonio"]
[Result "1-0"]
[WhiteElo "1718"]
[BlackElo "1881"]
[PlyCount "23"]
[EventDate "2012.10.14"]
[EventType "swiss"]
[EventRounds "9"]
[EventCountry "ESP"]
[Source "lmi"]
[SourceDate "2012.10.14"]

1. d4 Nf6 2. Nf3 e6 3. Bf4 c5 4. Nbd2 Nc6 5. c3 Qb6 6. Nc4 Qd8 7. Nd6+ Bxd6 8.
Bxd6 cxd4 9. Nxd4 Ne4 10. Nb3 Nxf2 11. Kxf2 Qb6+ 12. e3 1-0

[Event "Belleuve Chess 2012"]
[Site "Alcudia ESP"]
[Date "2012.10.21"]
[Round "9.21"]
[White "Maria Lopez, Jorge Luis"]
[Black "Contreras Cabot, Marc"]
[Result "1-0"]
[WhiteElo "1877"]
[BlackElo "1805"]
[PlyCount "29"]
[EventDate "2012.10.14"]
[EventType "swiss"]
[EventRounds "9"]
[EventCountry "ESP"]
[Source "lmi"]
[SourceDate "2012.10.14"]

1. e4 c5 2. Nf3 d6 3. d4 cxd4 4. Nxd4 Nf6 5. Nc3 a6 6. Bg5 e6 7. Qd2 Nbd7 8.
Bc4 b5 9. Bb3 Be7 10. Bxe6 fxe6 11. Nxe6 Qb6 12. Nxg7+ Kf7 13. Nf5 Ne5 14. Nxe7
Kxe7 15. Nd5+ 1-0

[Event "Belleuve Chess 2012"]
[Site "Alcudia ESP"]
[Date "2012.10.21"]
[Round "9.22"]
[White "Kehloul Gutierrez, Sadek"]
[Black "Nadal Bestard, Sebastia"]
[Result "0-1"]
[WhiteElo "1776"]
[BlackElo "1851"]
[PlyCount "46"]
[EventDate "2012.10.14"]
[EventType "swiss"]
[EventRounds "9"]
[EventCountry "ESP"]
[Source "lmi"]
[SourceDate "2012.10.14"]

1. e4 e5 2. Nf3 d6 3. d4 exd4 4. Nxd4 Nf6 5. Bg5 Be7 6. Bd3 O-O 7. O-O Nxe4 8.
Bxe7 Qxe7 9. Re1 d5 10. Qh5 Qb4 11. Nf3 Qxb2 12. Nbd2 Nf6 13. Qh4 Nbd7 14. Rab1
Qxa2 15. Ne5 Nxe5 16. Rxe5 c5 17. Bxh7+ Nxh7 18. Rh5 Re8 19. Rf1 Qxc2 20. Qf4
Be6 21. Nf3 d4 22. Ng5 Qe2 23. Rh4 Qxf1+ 0-1